Microeconomic Aspects of Franchising

Franchising ako dôležitá forma podnikania. Fáza tvorby franchisingového reťazca, formy franchisingu. Mikroekonomické aspekty podnikania.

Na minha lista:
Detalhes bibliográficos
Autor principal: Orgonáš, Jozef, 1957-
Formato: Capítulo de Livro
Idioma:inglês
Assuntos:
Tags: Adicionar Tag
Sem tags, seja o primeiro a adicionar uma tag!

MARC

LEADER 00000naa a2200000 4500
001 0267724
005 20240502074211.6
041 0 |a eng 
044 |a SK 
245 1 0 |a Microeconomic Aspects of Franchising  |c Jozef Orgonáš 
520 |a Franchising ako dôležitá forma podnikania. Fáza tvorby franchisingového reťazca, formy franchisingu. Mikroekonomické aspekty podnikania. 
610 2 0 |a mikroekonomika 
610 2 0 |a franchising 
610 2 0 |a marketing 
610 2 0 |a podnikanie 
100 1 |a Orgonáš, Jozef, 1957-